| 000 | 00762pam a2200229 a 4500 | ||
|---|---|---|---|
| 001 | 2543023 | ||
| 005 | 20180129051243.0 | ||
| 008 | 940816s1994 nhua b 001 0 eng | ||
| 010 | _a 94035141 | ||
| 020 | _a043508366X (pbk.) | ||
| 040 |
_aDLC _cDLC _dDLC |
||
| 041 | _aeng | ||
| 080 | _a510.7 REC | ||
| 082 | 0 | 0 |
_a510.7 REC _220 |
| 100 | 1 | _a38 | |
| 101 | _aMAT | ||
| 245 | 1 | 0 |
_aLanguage in the mathematics classroom : _cRachel Griffiths and Margaret Clyne. |
| 504 | _aIncludes bibliographical references (p. 149-153) and index. | ||
| 906 |
_a7 _bcbc _corignew _d1 _eocip _f19 _gy-gencatlg |
||
| 942 |
_2ddc _cBK |
||
| 999 |
_c41141 _d41141 |
||